Statistics for The Office (US) Quiz

Click here to take the quiz!

General Stats

  • This quiz has been taken 149 times
  • The average score is 10 of 15

Answer Stats

Question Answer % Correct
What vegetable does Dwight farm?Beets
97%
How does Micheal burn his foot?On his George Foreman grill
93%
Who is the CFO of Dunder-Mifflin?David Wallace
89%
Who is Jim's last girlfriend before Pam?Karen Filippelli
89%
What is Jim's first prank?He puts Dwight's stapler in Jell-O
87%
What recipe of Kevin's has been in his family for generations?Kevin's Famous Chili
85%
How does Ed Truck die? (According to Creed)Decapitation while driving
84%
What paper company did Micheal and Dwight run out of business?Prince Family Paper
59%
Where does Pam go to art school?New York
54%
What is Creed's blog named?Creed Thoughts
52%
Why does Creed worry about a rumor that he has asthma?He won't be able to Scuba
50%
Who does Micheal think is the 1st US President?Abraham Lincoln
50%
Which alter-ego of Micheal is 'a celebration' of fat people?Micheal Klump
49%
What fraction Native American is Micheal?2/15
28%
What does Micheal want to name Jan's baby?Chevy
23%

Score Distribution

Percentile by Number Answered

Percent of People with Each Score

Your Score History

You have not taken this quiz